| 000 | 01647nam a2200457 i 4500 | ||
|---|---|---|---|
| 001 | 33059 | ||
| 003 | KOSZ 005 | ||
| 005 | 20200513124845.0 | ||
| 008 | 990506s1983 pl a f f 001 0 pol | ||
| 015 | _aPB 1983/7829 | ||
| 020 | _a8301022000 | ||
| 035 | _a(OCoLC)749818705 | ||
| 040 |
_aWA N _cWA N _dKOSZ 005/HR |
||
| 041 | 1 |
_apol _heng |
|
| 046 | _k1972 | ||
| 080 | _a539.1 | ||
| 080 | _a(07) | ||
| 100 | 1 |
_aEnge, Harald A. _eAutor |
|
| 245 | 1 | 0 |
_aWstęp do fizyki atomowej / _cH. A. Enge, M. R. Wehr, J. A. Richards ; [z angielskiego tłumaczyli Aleksandra Kopystyńska, Krzysztof Ernst]. |
| 246 | 1 |
_iTytuł oryginału: _aIntroduction to atomic physics, _f1972. |
|
| 260 |
_aWarszawa : _bPaństwowe Wydawnictwo Naukowe, _c1983. |
||
| 300 |
_a446, [2] stron : _brysunki, wykresy ; _c25 cm. |
||
| 336 |
_aTekst _btxt _2rdacontent |
||
| 337 |
_aBez urządzenia pośredniczącego _bn _2rdamedia |
||
| 338 |
_aWolumin _bnc _2rdacarrier |
||
| 380 | _aKsiążki | ||
| 380 | _aPublikacje dydaktyczne | ||
| 388 | _a1901-2000 | ||
| 388 | _a1945-1989 | ||
| 504 | _aIndeks. | ||
| 650 | 4 | _aFizyka atomowa | |
| 655 | 4 | _aPodręcznik | |
| 658 | _aFizyka i astronomia | ||
| 700 | 1 |
_aWehr, M. Russell _d(1902- ) _eAutor |
|
| 700 | 1 |
_aRichards, James A. _d(1916- ). _eAutor |
|
| 700 | 1 |
_aKopystyńska, Aleksandra _d(1937- ). _eTłumaczenie |
|
| 700 | 1 |
_aErnst, Krzysztof _d(1940-2003). _eTłumaczenie |
|
| 710 | 2 |
_aPaństwowe Wydawnictwo Naukowe _4pbl |
|
| 856 |
_uhttp://koha.tu.koszalin.pl/cgi-bin/koha/opac-detail.pl?biblionumber=33059 _yKatalog online BPK |
||
| 942 |
_2UKD _cKS |
||
| 999 |
_c33059 _d33059 |
||